00847nam a2200241Ia 4500008004100000020001800041022001500059040001300074082001600087245015100103260004200254300002400296500005000320650001700370650003700387650004800424700002300472700002000495700002300515990003700538991001100575999001900586191130s2003##################000#0#eng## a9780199264513 a2003276673 aACLcACL a305.908 HER aThe human rights of persons with intellectual disabilities : different but equalcedited by Stanley S. Herr, Lawrence O. Gostin, Harold Hongju Koh aOxfordbOxford University Pressc2003 axx, 551 p. ; 24 cm. aIncludes bibliographical references and index aHuman rights aLearning disabled - Civil rights aLearning disabled - Legal status, laws, etc aGostin, Lawrence O aHerr, Stanley S aKoh, Harold Hongju a3de19797ac10000c5fbceabcde8e15cf a157862 c408663d408663